A history of the Transport and Road Research Laboratory, 1933-1983 /

Bibliographic Details
Main Author: Charlesworth, George
Format: Book
Language:English
Published: Aldershot, Hants, England ; Brookfield, Vt., USA : Gower Pub. Co., [1987]
Subjects:

MARC

Tag First Indicator Second Indicator Subfields
LEADER 00000cam a2200000 a 4500
001 in00000008939
005 20151004060020.0
008 870219s1987 enka b 00110 eng
010 |a  87000286  
020 |a 0566053993 :  |c $37.00 (est.) 
035 |a (OCoLC)15284729 
035 |9 AAA1351AM 
040 |a DLC  |c DLC  |d TXA  |d UtOrBLW 
043 |a e-uk--- 
049 |a TXAM  |c [A12630363] 
050 0 0 |a TE57  |b .C48 1987 
082 0 |a 625.7/072041  |2 19 
100 1 |a Charlesworth, George. 
245 1 2 |a A history of the Transport and Road Research Laboratory, 1933-1983 /  |c George Charlesworth. 
264 1 |a Aldershot, Hants, England ;  |a Brookfield, Vt., USA :  |b Gower Pub. Co.,  |c [1987] 
264 4 |c ©1987 
300 |a xxv, 267 pages :  |b illustrations ;  |c 23 cm. 
336 |a text  |b txt  |2 rdacontent 
337 |a unmediated  |b n  |2 rdamedia 
338 |a volume  |b nc  |2 rdacarrier 
504 |a Bibliography: pages 221-226. 
500 |a Includes indexes. 
610 2 0 |a Transport and Road Research Laboratory  |x History. 
650 0 |a Highway engineering  |z Great Britain  |x History. 
999 |a MARS 
999 f f |s 9ecce676-fdef-3f81-97fc-4963afd993d6  |i e8b1409c-5f77-35cf-9a0b-85de1377dcc6  |t 0 
952 f f |p normal  |a Texas A&M University  |b College Station  |c Sterling C. Evans Library  |d Evans: Library Stacks  |t 0  |e TE57 .C48 1987  |h Library of Congress classification  |i unmediated -- volume  |m A14812630363 
998 f f |a TE57 .C48 1987  |t 0  |l Evans: Library Stacks